00469nam a2200157Ia 45000010006000000050017000060080041000230410008000640820017000721000034000892450130001232600009002533000033002626500008002956540008003032230520260414150822.0260414t2009||||xx |||||||||||||| ||spa|| aESP a621.314bA49 aÁlvarez Pulido, ManueleAUT 0aTransformadores :bcálculo fácil de transformadores y autotransformadores, monofásicos y trifásicos de baja tensión c2009 axxi, 211 páginas :c23 cm. aTCA aCET